| 000 | 00368nam a2200133Ia 4500 | ||
|---|---|---|---|
| 008 | 240624s9999 xx 000 0 und d | ||
| 041 | _aeng | ||
| 082 | _a658.4092 RAJ | ||
| 100 | _aRAJE APARNA PIRAMAL | ||
| 245 | _aWORKING OUT OF THE BOX 40 STORIES OF LEA | ||
| 260 |
_c2015 _aNew Delhi _bRandom House India |
||
| 300 | _axxi, : 233 : p. : cm. ; 21 | ||
| 365 |
_cRS _b30 |
||
| 999 |
_c26844 _d26844 |
||